000 01206nam a2200313 a 4500
003 CO-PeBPR
005 20260429111645.0
008 260415e2024 ck a|||| n||| 00| 0 spa c
020 _a9786287774025
040 0 _aCO-PeBPR
_bspa
_cCO-PeBPR
_erda
041 0 _hspa
082 0 4 _a(i) Co863 M775j
100 1 _aMontejo Gaitán, Fernando
_eautor
245 1 0 _aEl jardín del millón de espejos de agua
_c/ Fernando Montejo Gaitán, Nicolás Jiménez Ariza
250 _aEdición especial
264 1 _aBogotá, Colombia
_b: ICANH
_c, 2024
300 _a27 páginas
_b: ilustraciones a color
_c; 24 centímetros
336 _atexto
_btxt
_crdacontenido
337 _asin mediación
_bn
_2rdamedio
338 _avolumen
_bnc
_2rdasoporte
490 _aPlan Nacional de Lectura, Escritura y Oralidad / Ministerio de las Culturas, Las Artes y los Saberes.
521 _aRecomendado para 7 a 12 años.
650 1 4 _2LEMB
_aCuentos infantiles colombianos
_ySiglo XXI
650 1 4 _2LEMB
_aLiteratura infantil colombiana
_ySiglo XXI
650 1 4 _2LEMB
_aCuerpos de agua en la literatura
650 1 4 _2LEMB
_aIndígenas
_xVida social y costumbres
700 1 _aJiménez Ariza, Nicolás
_eautor
942 _2ddc
_cBKINF
999 _c17822
_d17822